| 000 | 01052nam a22003137a 4500 | ||
|---|---|---|---|
| 003 | CHAP | ||
| 005 | 20220817042422.0 | ||
| 008 | 971013s1981 r 00010 d | ||
| 010 | _a44091 | ||
| 011 | _a45063 | ||
| 035 | _a49202 | ||
| 040 | _cCHAP | ||
| 090 | _aFolleto 10060 | ||
| 110 |
_aINIA. México. Campo Agrícola Experimental Valle de Apatzingán _958523 |
||
| 245 | _aGuía para cultivar algodón en el Valle de Apatzingán | ||
| 260 |
_aApatzingán, Mich. : _bEl Instituto, _c1981 |
||
| 300 | _aHoja desplegable | ||
| 490 |
_aDesplegable para productores _v; 1 |
||
| 590 |
_aBATCH-UPD _b10 _c20130110 _lUCH01 _h2229 |
||
| 590 |
_aBATCH-UPD _b10 _c20130410 _lUCH01 _h1525 |
||
| 590 |
_aBATCH-UPD _b10 _c20130914 _lUCH01 _h0102 |
||
| 590 |
_aCONVERSION _b10 _c20130109 _lUCH01 _h1324 |
||
| 650 | 1 | 4 |
_aAlgodón _xMichoacán. _94037 |
| 830 | 0 |
_aDesplegable para productores _v; 1 |
|
| 901 | _aBK | ||
| 942 | _cFOLL | ||
| 949 |
_aFolleto 10060 _bBC _cFOLL _d-111079 _eTS1 _i49202 _si |
||
| 949 |
_aFolleto 10060 _bBC _cFOLL _d-111082 _eTS2 _fc.2 _i49202 _si |
||
| 999 |
_c44091 _d44091 |
||